| 000 | 00826nam a2200229Ia 4500 | ||
|---|---|---|---|
| 005 | 20260430150733.0 | ||
| 008 | 008 250103s9999 xx 000 0 hin d | ||
| 037 | _aTheses | ||
| 040 | _aCRL | ||
| 040 | _bhin | ||
| 040 | _chin | ||
| 041 | _2hin | ||
| 041 | _ahin | ||
| 084 | _qCRL | ||
| 100 | _aपवन कुमार, ले. | ||
| 245 | 0 | _aदिल्ली के पर्यावरण संरक्षण में नेशनल ग्रीन ट्रिब्यूनल की भूमिका: एक आलोचनात्मक मूल्यांकन | |
| 260 | _c2021 | ||
| 300 | _a218पृ0 | ||
| 700 | _aदिल्ली विश्वविद्यालय. कला संकाय. हिन्दी विभाग | ||
| 942 | _cTH | ||
| 999 |
_c1850528 _d1850528 |
||